Movies Quiz

Random Movies or Clickable Quiz

Bond Villains: How Did They Die? Quiz Stats

Quiz Updated Nov 1, 2015

Challenge
Share
Tweet
Embed
Score 0/20 Timer 07:00
3 Plays Today
% Correct
Oddjob
84.2%
Xenia Onatopp
83.9%
Alec Trevelyan
69.3%
Jaws
65.6%
Francisco Scaramanga
62.1%
Max Zorin
59.1%
Raoul Silva
58%
Auric Goldfinger
57.9%
Hugo Drax
56.4%
Dr. Kananga (Mr Big)
55.1%
% Correct
Dominic Greene
54.9%
Dr. Julius No
52.7%
General Orlov
51.1%
Viktor Zokas (Renard)
50.8%
Colonel Tan-Sun Moon (Gustav Graves)
48.6%
Emilio Largo
46.6%
Le Chiffre
45.4%
Elliot Carver
44%
Mr. Wint
43.5%
Karl Stromberg
35.4%

You're not logged in!

Compare scores with friends on all Sporcle quizzes.
Sign Up with Email
OR
Log In

You Might Also Like...

Show Comments

Extras

Top Quizzes Today


Score Distribution

Your Account Isn't Verified!

In order to create a playlist on Sporcle, you need to verify the email address you used during registration. Go to your Sporcle Settings to finish the process.